00322nam a2200097Ia 4500008004100000245007100041245004100112260000900153650001400162856004800176171211s9999 xx 000 0 und d aEssentials of Business Law and the Legal Environment, 12th Edition cBarry S. Roberts and Richard A. Mann c2015 xECONOMICS uhttp://down.ebook777.com/063/1305075439.pdf